Психология массовой коммуникации: учебник для вузов

Bibliografiset tiedot
Muut tekijät: Алалыкина Н. Н. (редактор), Бакулев Г. П., Бычкова Л. А., Бодалев А. А. Алексей Александрович
Yhteenveto:Авт. указаны на обороте тит. л.
В учебнике рассматриваются ключевые политологические, социальнопсихологические и организационные аспекты современной массовой коммуникации, эффективного общения и взаимодействия, обоснованы конструктивные модели, алгоритм и технология их осуществления. Особое внимание уделяется вопросам психологии творчества субъектов массовой коммуникации, имиджу коммуникатора, психологическим аспектам изучения аудитории. Для овладения практикой эффективной коммуникации предлагаются апробированный традиционный и новый инструментарий, методы его эффективного использования, успешно применяемые в современной социальной практике в стране и за рубежом. Учебник подготовлен в соответствии с требованиями государственного образовательного стандарта. Адресован студентам высших учебных заведений, обучающимся по направлению подготовки и специальности «Социальная работа», а также слушателям курсов системы дополнительного образования гуманитарных вузов.
Kieli:venäjä
Julkaistu: Москва, Гардарики, 2008
Sarja:Социальное образование России в XXI веке
Aiheet:
Aineistotyyppi: Kirja
KOHA link:https://koha.lib.tpu.ru/cgi-bin/koha/opac-detail.pl?biblionumber=158005

MARC

LEADER 00000nam0a2200000 4500
001 158005
005 20231101222014.0
010 |a 9785829703363  |b (в пер.)  |b 2000 экз. 
021 |a RU  |b 08-8482  |9 08-465 
035 |a (RuTPU)RU\TPU\book\171384 
090 |a 158005 
100 |a 20080314d2008 m y0rusy5002 ca 
101 0 |a rus 
102 |a RU 
105 |a a j 001zy 
200 1 |a Психология массовой коммуникации  |e учебник для вузов  |f Н. Н. Алалыкина, Г. П. Бакулев, Л. А. Бычкова и др.]  |g под ред. А. А. Бодалева [и др.] 
210 |a Москва  |c Гардарики  |d 2008 
215 |a 251 с.  |c ил. 
225 1 |a Социальное образование России в XXI веке 
300 |a Авт. указаны на обороте тит. л. 
320 |a Библиогр.: с. 246-249. 
330 |a В учебнике рассматриваются ключевые политологические, социальнопсихологические и организационные аспекты современной массовой коммуникации, эффективного общения и взаимодействия, обоснованы конструктивные модели, алгоритм и технология их осуществления. Особое внимание уделяется вопросам психологии творчества субъектов массовой коммуникации, имиджу коммуникатора, психологическим аспектам изучения аудитории. Для овладения практикой эффективной коммуникации предлагаются апробированный традиционный и новый инструментарий, методы его эффективного использования, успешно применяемые в современной социальной практике в стране и за рубежом. Учебник подготовлен в соответствии с требованиями государственного образовательного стандарта. Адресован студентам высших учебных заведений, обучающимся по направлению подготовки и специальности «Социальная работа», а также слушателям курсов системы дополнительного образования гуманитарных вузов. 
606 1 |a Общение  |x Психология  |2 stltpush  |3 (RuTPU)RU\TPU\subj\46642  |9 65759 
606 1 |a Массовые коммуникации  |x Социология  |2 stltpush  |3 (RuTPU)RU\TPU\subj\37634  |9 58516 
610 1 |a коммуникативная деятельность 
610 1 |a коммуникативное поведение 
610 1 |a коммуникативные качества 
610 1 |a коммуникативные процессы 
610 1 |a СМИ 
610 1 |a переговорный процесс 
610 1 |a психолингвистика 
610 1 |a спичрайтеры 
610 1 |a связи с общественностью 
610 1 |a имиджмейкерство 
610 1 |a брендинг 
610 1 |a учебники 
686 |a Ю953я73  |v LBC/SL-A  |2 rubbk 
686 |a С55.57я73  |v LBC/SL-A  |2 rubbk 
701 1 |a Алалыкина  |b Н. Н.  |4 070 
701 1 |a Бакулев  |b Г. П.  |4 070 
701 1 |a Бычкова  |b Л. А.  |4 070 
702 1 |a Бодалев  |b А. А.  |g Алексей Александрович  |4 340 
801 1 |a RU  |b 63413507  |c 20090416  |g PSBO 
801 2 |a RU  |b 63413507  |c 20150619  |g PSBO 
942 |c BK 
959 |a 50/20090416  |d 1  |e 254,00  |f ЧЗГЛ:1 
959 |a 62/20090527  |d 1  |e 215,00  |f АНЛ:1